Studies in Muslim philosophy and literature / (Record no. 331803)
[ view plain ]
| 000 -LEADER | |
|---|---|
| fixed length control field | 01001cam a2200301 a 4500 |
| 001 - CONTROL NUMBER | |
| control field | 2612758 |
| 003 - CONTROL NUMBER IDENTIFIER | |
| control field | NUST |
| 005 - DATE AND TIME OF LATEST TRANSACTION | |
| control field | 20171025153010.0 |
| 008 - FIXED-LENGTH DATA ELEMENTS--GENERAL INFORMATION | |
| fixed length control field | 971218s1996 pk 000 0 eng |
| 010 ## - LIBRARY OF CONGRESS CONTROL NUMBER | |
| LC control number | 97930381 |
| 025 ## - OVERSEAS ACQUISITION NUMBER | |
| Overseas acquisition number | P-E-97930381; 04 |
| 040 ## - CATALOGING SOURCE | |
| Original cataloging agency | DLC |
| Transcribing agency | DLC |
| Modifying agency | DLC |
| 042 ## - AUTHENTICATION CODE | |
| Authentication code | lcode |
| 050 00 - LIBRARY OF CONGRESS CALL NUMBER | |
| Classification number | B741 |
| Item number | .D28 1996 |
| 082 ## - DEWEY DECIMAL CLASSIFICATION NUMBER | |
| Classification number | 181.49 |
| Author Mark | DAR |
| 100 1# - MAIN ENTRY--PERSONAL NAME | |
| Personal name | Dar, Bashir Ahmad. |
| 9 (RLIN) | 5646 |
| 245 10 - TITLE STATEMENT | |
| Title | Studies in Muslim philosophy and literature / |
| Statement of responsibility, etc. | by Bashir Ahmad Dar ; collected by Shima Majeed ; edited by Iqbal Academy Pakistan. |
| 250 ## - EDITION STATEMENT | |
| Edition statement | Ist ed. |
| 260 ## - PUBLICATION, DISTRIBUTION, ETC. | |
| Place of publication, distribution, etc. | Lahore : |
| Name of publisher, distributor, etc. | Iqbal Academy Pakistan, |
| Date of publication, distribution, etc. | 1996. |
| 300 ## - PHYSICAL DESCRIPTION | |
| Extent | 267 p. ; |
| Dimensions | 23 cm. |
| 650 #0 - SUBJECT ADDED ENTRY--TOPICAL TERM | |
| Topical term or geographic name entry element | Islamic philosophy. |
| 9 (RLIN) | 5647 |
| 650 #0 - SUBJECT ADDED ENTRY--TOPICAL TERM | |
| Topical term or geographic name entry element | Islamic literature. |
| 9 (RLIN) | 5648 |
| 700 1# - ADDED ENTRY--PERSONAL NAME | |
| Personal name | Majīd, Shīmā. |
| 9 (RLIN) | 5649 |
| 710 2# - ADDED ENTRY--CORPORATE NAME | |
| Corporate name or jurisdiction name as entry element | Iqbal Academy (Lahore, Pakistan) |
| 9 (RLIN) | 8 |
| 906 ## - LOCAL DATA ELEMENT F, LDF (RLIN) | |
| a | 7 |
| b | cbc |
| c | origode |
| d | 3 |
| e | ncip |
| f | 19 |
| g | y-gencatlg |
| 942 ## - ADDED ENTRY ELEMENTS (KOHA) | |
| Source of classification or shelving scheme | |
| Koha item type | Book |
| Withdrawn status | Lost status | Source of classification or shelving scheme | Damaged status | Not for loan | Collection code | Permanent Location | Current Location | Shelving location | Date acquired | Total Checkouts | Full call number | Barcode | Date last seen | Date last checked out | Copy number | Price effective from | Koha item type |
|---|---|---|---|---|---|---|---|---|---|---|---|---|---|---|---|---|---|
| Central Library (CL) | Central Library (CL) | Book Cart | 10/25/2017 | 1 | 181.49 DAR | CL2118 | 12/18/2017 | 11/30/2017 | 1 | 10/25/2017 | Book |
